| 000 | 01732nam a2200265Ia 4500 | ||
|---|---|---|---|
| 003 | Ost | ||
| 005 | 20260507075755.0 | ||
| 008 | 260507s9999||||xx |||||||||||||| ||und|| | ||
| 020 | _a9789931141242 | ||
| 040 | _cfsecg | ||
| 041 | _aara | ||
| 082 | _a301.11 | ||
| 100 |
_aفتيحة، آيت اوقاسي _eمؤلف |
||
| 245 | 0 |
_aالمسؤولية الاجتماعية و الاخلاقية : _bتوجه ضروري في ظل الأزمات / _c آيت اوقاسي فتيحة |
|
| 260 |
_aالجزائر: _bدار الأجيال الرقمي, _c2024 |
||
| 300 |
_a475 صفحة؛ _bإيضاحات ؛ _c24 سم |
||
| 504 | _aمراجع ص.453-454 | ||
| 520 | _aهدفت الدراسة إلى إبراز رؤية نظرية حول تفعيل إبعاد المسؤولية الاجتماعية للتعامل مع الأزمات ودور صياغة استراتيجيات المسؤولية الاجتماعية لمواجهة الأزمات، فالأزمة هي حالة حرجة ومفاجئة للدول والمجتمع تؤثر على استقرار المؤسسات وأفراد المجتمع. لذلك أصبحت لبرامج المسؤولية الاجتماعية دور فعال في مواجهة الأزمات والحد من تداعياتها على الفرد والمجتمع من أجل ترسيخ المؤسسات مكانتها الاجتماعية والأخلاقية في المجتمع. | ||
| 653 | _aالأزمات الاقتصادية | ||
| 653 | _aالتنمية المستديمة | ||
| 653 | _aالمسؤولية الاجتماعية | ||
| 700 |
_a مختار رحماني، حكيمة _eمؤلف ثانوي |
||
| 700 |
_aقيدوم، سهام _eمؤلف ثانوي |
||
| 942 | _cكتاب | ||
| 999 |
_c46241 _d46241 |
||